Direitos da crianças : er a uma vez.../ (Record no. 4710)
[ view plain ]
| 000 -LEADER | |
|---|---|
| fixed length control field | 01050cam a2200313 a 4500 |
| 001 - CONTROL NUMBER | |
| control field | 14158677 |
| 003 - CONTROL NUMBER IDENTIFIER | |
| control field | TZ-ArACH |
| 005 - DATE AND TIME OF LATEST TRANSACTION | |
| control field | 20180203132504.0 |
| 008 - FIXED-LENGTH DATA ELEMENTS--GENERAL INFORMATION | |
| fixed length control field | 050321s2004 po b 001 0 por |
| 010 ## - LIBRARY OF CONGRESS CONTROL NUMBER | |
| LC control number | 2006362784 |
| 020 ## - INTERNATIONAL STANDARD BOOK NUMBER | |
| International Standard Book Number | 9789724041575 |
| 035 ## - SYSTEM CONTROL NUMBER | |
| System control number | (PoLxPL)pu050079920 |
| 040 ## - CATALOGING SOURCE | |
| Original cataloging agency | DLC |
| Transcribing agency | DLC |
| 050 00 - LIBRARY OF CONGRESS CALL NUMBER | |
| Classification number | KKQ515 |
| Item number | .D57 |
| 100 ## - MAIN ENTRY--PERSONAL NAME | |
| Personal name | Monteiro, A. Reis |
| 245 00 - TITLE STATEMENT | |
| Title | Direitos da crianças : er a uma vez.../ |
| Statement of responsibility, etc | A. Reis Monteiro |
| Remainder of title | er a uma vez... |
| 260 ## - PUBLICATION, DISTRIBUTION, ETC. (IMPRINT) | |
| Place of publication, distribution, etc | [Coimbra] : |
| Name of publisher, distributor, etc | Almedina |
| Date of publication, distribution, etc | 2010 |
| 300 ## - PHYSICAL DESCRIPTION | |
| Extent | 129p. ; |
| Dimensions | 23 cm. |
| 490 0# - SERIES STATEMENT | |
| Series statement | Corpus Iuris Gentium Conimbrigae, |
| International Standard Serial Number | 0873-7495 ; |
| Volume number/sequential designation | 3 |
| 500 ## - GENERAL NOTE | |
| General note | Textos em português e inglês. |
| 504 ## - BIBLIOGRAPHY, ETC. NOTE | |
| Bibliography, etc | Includes bibliographical references and index. |
| 650 #0 - SUBJECT ADDED ENTRY--TOPICAL TERM | |
| Topical term or geographic name as entry element | Children |
| General subdivision | Legal status, laws, etc. |
| Geographic subdivision | Portugal. |
| 650 #0 - SUBJECT ADDED ENTRY--TOPICAL TERM | |
| Topical term or geographic name as entry element | Minors |
| Geographic subdivision | Portugal. |
| 650 #0 - SUBJECT ADDED ENTRY--TOPICAL TERM | |
| Topical term or geographic name as entry element | Child welfare |
| General subdivision | International cooperation. |
| 700 1# - ADDED ENTRY--PERSONAL NAME | |
| Personal name | Monteiro, A. Reis |
| Fuller form of name | (António Reis) |
| 906 ## - LOCAL DATA ELEMENT F, LDF (RLIN) | |
| a | 7 |
| b | cbc |
| c | origres |
| d | 2 |
| e | ncip |
| f | 20 |
| g | y-gencatlg |
| 942 ## - ADDED ENTRY ELEMENTS (KOHA) | |
| Source of classification or shelving scheme | Library of Congress Classification |
| Koha item type | Books |
| Home library | Current library | Date acquired | Full call number | Barcode | Cost, replacement price | Koha item type |
|---|---|---|---|---|---|---|
| African Court on Human and Peoples' Rights Library | African Court on Human and Peoples' Rights Library | 03/02/2018 | KKQ515 .D57 | 10221336 | 195.00 | Books |
| African Court on Human and Peoples' Rights Library | African Court on Human and Peoples' Rights Library | 07/02/2019 | KKQ515 .D57 | 10215433 | Books | |
| African Court on Human and Peoples' Rights Library | African Court on Human and Peoples' Rights Library | 07/02/2019 | KKQ515 .D57 | 10215387 | Books |
